000 00545nam a2200193Ia 4500
003 GCL
008 140319s9999 xx 000 0 eng d
040 _aGCL /
_cGCL
082 0 4 _a332.67320947
_bT C
100 1 _aTOUREVSKI, MARK
245 1 0 _aCUTTING THE RED TAPE: HOW WESTERN COMPANIES CAN PROFIT IN THE NEW RUSSIA /
_cTOUREVSKI, MARK
700 1 _aMORGAN, EILEEN
260 _a[S.N] :
_bTHE FREE PRESS ،
_c1993
300 _a316 P
650 0 4 _aECONOMIC CONDITIONS
650 0 4 _aCOMMERCE
650 0 4 _aSOVIET UNION
942 _2ddc
_cBK
999 _c19643
_d19643